| 000 | 01249nam a22002295i 4500 | ||
|---|---|---|---|
| 001 | 169665 | ||
| 003 | ES-MaACL | ||
| 005 | 20250716053240.0 | ||
| 008 | 081030s1873 sp |||| | spa d | ||
| 245 | 0 | 0 |
_aCorona poética dedicada a honrar la memoria de Don Manuel Bretón de los Herreros : _bcontiene las composiciones leídas en el Teatro Español durante la exposición del teatro de aquel insigne poeta / _coriginales de las Sras. Dª María del Pilar Sinués de Marco, Dª Joaquina Balmaseda y Dª Mercedes Vargas, y de los Sres. D. Juan Eugenio Hartzenbusch ... [et al.]. |
| 260 |
_aMadrid : _b[s.n.], _c1873 ( _fImp. de José M. Ducazcal) |
||
| 300 |
_a78 p. ; _c23 cm. |
||
| 530 | _aDisponible en formato digital. | ||
| 600 | 1 | 7 |
_aBretón de los Herreros, Manuel, _d1796-1873- _vHomenajes _2 _9149297 |
| 650 | 4 |
_aPoesía española- _yS.XIX _916217 |
|
| 700 | 1 |
_aSinués, María del Pilar. _9146793 |
|
| 700 | 1 |
_aGarcía Balmaseda, Joaquina, _d1837-1911 _954217 |
|
| 700 | 1 |
_aHartzenbusch, Juan Eugenio, _d1806-1880 _962011 |
|
| 852 | 4 |
_aES-MaACL _jT-702-F-4 |
|
| 856 | 4 |
_uhttp://hdl.handle.net/10578/754 _zRepositorio Universitario Institucional de Recursos Abiertos, Universidad de Castilla-La Mancha |
|
| 999 |
_c169665 _d169665 |
||